| 000 | 00637nam a22002297a 4500 | ||
|---|---|---|---|
| 001 | 000773 | ||
| 003 | DO-SdBNP | ||
| 005 | 20171128103216.0 | ||
| 007 | 000773 | ||
| 008 | 161129b 1973 nyu a ||||| |||| 00| 0 spa d | ||
| 020 | _a0394826698 | ||
| 040 |
_aBPMSU _bspa _cBPMSU |
||
| 082 |
_axxxx _bxxxx |
||
| 100 | 1 | _aEastman, P. D. | |
| 245 | 1 | 0 |
_aBig dog ... little dog : _b a bedtime story / _cP. D. Eastman. |
| 260 |
_aNew York : _bRandom House, _c1973. |
||
| 300 |
_a[32] p. : _bil. ; _c21 cm. |
||
| 700 | 1 | 2 | _aSalgado, Rosa |
| 942 |
_2ddc _cBK |
||
| 945 | _aInventariado 2017 | ||
| 956 |
_2LOPEREZ _310 _620161130 _8BPMSU _a00041 |
||
| 999 |
_c12183 _d12183 |
||